Detekcia slov v historických šifrovaných textoch a šifrovacích kľúčoch

Salvato in:
Dettagli Bibliografici
Autore principale: Martiš, Martin (Autore)
Altri autori: Marák, Pavol (Relatore della tesi)
Natura: Manoscritto Libro
Lingua:slovacco
Pubblicazione: Bratislava : STU v Bratislave FEI, 2025
Soggetti:
Accesso online:https://opac.crzp.sk/?fn=detailBiblioFormChildC13DDC&sid=8D80AD18777FCC7F6AB7B34DC29E&seo=CRZP-detail-kniha
Tags: Aggiungi Tag
Nessun Tag, puoi essere il primo ad aggiungerne!!

MARC

LEADER 00000ntm a22000003a 4500
001 stuzp102086
003 SK-STU
005 20251112145000.3
007 ta
008 150427s2015----xo-----f-mn---000-0-slo-d
040 |a STU  |b slo 
041 0 |a slo 
044 |a xo 
100 1 |a Martiš, Martin  |u 035000  |4 aut  |U FEI Fakulta elektrotechniky a informatiky  |T FEI Ústav informatiky a matematiky  |X 121085  |U E050  |Y 816  |7 121085 
242 0 1 |a Word detection in historical encrypted texts and cipher keys  |y eng 
245 1 0 |a Detekcia slov v historických šifrovaných textoch a šifrovacích kľúčoch 
260 |a Bratislava :  |b STU v Bratislave FEI,  |c 2025 
300 |a 55 s. 
650 4 |a detekcia slov  |2 slo 
650 4 |a historické rukopisy  |2 slo 
650 4 |a YOLO  |2 slo 
650 4 |a word detection  |2 eng 
650 4 |a historical manuscripts  |2 eng 
650 4 |a YOLO  |2 eng 
700 1 |a Marák, Pavol  |u 035000  |k Z1  |4 ths  |U FEI Fakulta elektrotechniky a informatiky  |T FEI Ústav informatiky a matematiky  |X 50790  |U E050  |Y 816  |7 A000050790 
856 4 |u https://opac.crzp.sk/?fn=detailBiblioFormChildC13DDC&sid=8D80AD18777FCC7F6AB7B34DC29E&seo=CRZP-detail-kniha